000
00312nam a2200133Ia 4500
005
20251222155133.0
008
251222s9999||||xx |||||||||||||| ||spa||
082
_a
RE.115.2
100
_a
VIGANO, Angel.
245
0
_a
Las Bienaventuranzas del Reino
250
_a
1ra. ed.
264
_b
Salesiana
942
_c
LIB
999
_c
38876
_d
38876